Sensory Evaluation : A Practical Handbook /

Se trata de la evaluación sensorial que comúnmente se asocia a los alimentos, en este caso esta perecepción del individuo se generaliza a los productos que se ofrecen en el mercado y en el que están involucrados además del sentido del gusto y el olfato, el del tacto y la vista. Además se ayuda de la...

Descripció completa

Guardat en:
Dades bibliogràfiques
Autor principal: Kemp, Sarah E. (autor)
Altres autors: Hollowood, Tracey (autor) (autor), Hort, Joanne (autor) (autor)
Format: Llibre
Idioma:anglès
Publicat: Chichester, Inglaterra Wiley-Blackwell, 2009, c2009
Birmingham, EUA : EBSCOhost [distribución], 2009
Matèries:
Accés en línia:Ver documento en línea
Etiquetes: Afegir etiqueta
Sense etiquetes, Sigues el primer a etiquetar aquest registre!

MARC

LEADER 00000nam^a2200000^a^4500
001 000344062
005 20251023000000.0
009 20260526141249.973
020 |a 978-1-444-32263-7 
020 |a 978-1-118-68807-6 
037 |a Acervo ITESO - Biblioteca 
041 |a ING 
082 |a 612. 8  |b KEM 
100 |a Kemp, Sarah E.  |e (autor) 
245 1 0 |a Sensory Evaluation :  |b A Practical Handbook /  |c S.E. Kemp, T. Hollowood, J. Hort. 
264 4 |a Chichester, Inglaterra  |b Wiley-Blackwell,  |c 2009, c2009 
264 4 |a Birmingham, EUA :  |b EBSCOhost [distribución],  |c 2009 
300 |a 1 libro electrónico en línea (XI, 196 p.) 
336 |a datos para computadora  |b cod  |2 rdacontenido 
337 |a computadora  |b c  |2 rdamedio 
338 |a recurso en línea  |b cr  |2 rdasoporte 
506 1 |a 3 licencias 
520 |a Se trata de la evaluación sensorial que comúnmente se asocia a los alimentos, en este caso esta perecepción del individuo se generaliza a los productos que se ofrecen en el mercado y en el que están involucrados además del sentido del gusto y el olfato, el del tacto y la vista. Además se ayuda de las neurociencias para la medición se considera el aspecto ético y de salud. 
521 |a 2014 BO Licenciatura en Ingeniería de Alimentos 
649 |a XX 
650 |a Evaluación Sensorial -  |x Tema Principal 
650 |a Sentidos y Sensaciones -  |x Medición 
650 |a Percepción 
650 |a Neuropsicología 
650 |a Neurociencias 
650 |a Psicología 
700 |a Hollowood, Tracey  |e (autor) 
700 |a Hort, Joanne  |e (autor) 
856 4 0 |u https://ezproxy.iteso.mx/login?url=https://search.ebscohost.com/login.aspx?direct=true&scope=site&db=nlebk&db=nlabk&AN=304264  |y Ver documento en línea 
910 |a Fondo General 
920 |a Electrónicos - Libros en Línea 
930 |a Plataforma Digital 
905 |a 205 
901 |a 344062-1  |b IT2  |c EBO  |i C694  |u 20250521 
901 |a 344062-2  |b IT2  |c EBO  |i C694  |u 20250521 
901 |a 344062-3  |b IT2  |c EBO  |i C694  |u 20250521 
902 |a https://opac.biblio.iteso.mx/vufind/Record/000344062